| 000 | 00680nam a2200193 4500 | ||
|---|---|---|---|
| 001 | 121311 | ||
| 003 | ES-MaACL | ||
| 005 | 20230906191730.0 | ||
| 007 | t| | ||
| 008 | 070214s1935 sp r ||||1| spa d | ||
| 100 | 1 |
_aPopof, N. _993098 |
|
| 245 | 1 | 0 |
_aHistoria del bolchevismo / _cN . Popof. |
| 260 |
_aBarcelona : _bEuropa-América, _c1935. |
||
| 300 |
_a2 v. ; _c19 cm. |
||
| 505 | 8 | _aContiene: Vol. I. Desde sus orígenes... 1917. Vol. II. De la revolución de 1917 al XVI Congreso del partido (julio de 1930) | |
| 740 | 0 | _aDesde sus orígenes... 1917. | |
| 740 | 0 | _aDe la revolución de 1917 al XVI Congreso del partido (julio de 1930) | |
| 852 |
_aES-MaACL _jB-11898-99 |
||
| 999 |
_c121311 _d121311 |
||